000 00606nam a2200241 a 4500
001 nice12345678
003 IN_TiNIC
005 20260116012942.0
008 050805s1871 phia grp 000 0 eng
020 _a
_c0
082 0 0 _a220.5209
_bPOT
100 _aPotter, John E
245 _aHoly Bible, the Comprehensive Family Bible
260 _aPhiladelphia
_bJohn e Potter and Co.,
_c1871
300 _a828p
500 _aincludes index and biblioraphy
505 2 _aIndex
650 _aBible-Study and Teaching
700 1 _aPotter, John E
902 _bRBA
942 _cBK
999 _c9028
_d9028